Quy trình phát triển phần mềm = Rational Unifled Process

Nội dung sách giới thiệu tổng quan quy trình RUP. Giải tích các thành phần cơ bản trong quy trình RUP như các pha và các công đoạn. Trình bày chi tiết công đoạn Business Modeling trong quy trình...

Saved in:
Bibliographic Details
Main Author: Dương, Anh Đức
Format: Book
Language:Undetermined
Published: Thành phố Hồ Chí Minh Đại học Quốc gia 2005
Subjects:
Tags: Add Tag
No Tags, Be the first to tag this record!
Institutions: Trung tâm Học liệu Trường Đại học Cần Thơ
LEADER 00957nam a2200217Ia 4500
001 CTU_90981
008 210402s9999 xx 000 0 und d
020 |c 32000 
082 |a 005.1 
082 |b Đ552 
100 |a Dương, Anh Đức 
245 0 |a Quy trình phát triển phần mềm = 
245 0 |b Rational Unifled Process 
245 0 |c Dương Anh Đức, Trần Hạnh Nhi, Lâm Quang Vũ 
260 |a Thành phố Hồ Chí Minh 
260 |b Đại học Quốc gia 
260 |c 2005 
520 |a Nội dung sách giới thiệu tổng quan quy trình RUP. Giải tích các thành phần cơ bản trong quy trình RUP như các pha và các công đoạn. Trình bày chi tiết công đoạn Business Modeling trong quy trình... 
650 |a Kỹ thuật phần mềm,Software engineering 
904 |i Năm 
980 |a Trung tâm Học liệu Trường Đại học Cần Thơ